00535cam a22001572 4500001001100000005001700011008004100028020001700069040001500086050001700101100003600118245010800154300001500262650006800277700003200345000000594520151217155829.0070810s xx 000 0 eng d a0821368540 : aKABUcKABU 0aHD2117b.C471 aChristiaensen, Luc.@000015726910aDown to earth :bagriculture and poverty reduction in Africa /cby Luc Christiaensen and Lionel Demery. axi, 105 p. 0aAgriculturexEconomic aspectszAfrica, Sub-Saharan.@00001512031 aDemery, Lionel.@0000157270